| 000 | 00875nam a2200265 i 4500 | ||
|---|---|---|---|
| 003 | EG-GICUC | ||
| 005 | 20260427113443.0 | ||
| 008 | 260427s1966 fr ||||fr|||| 00| 0 fre d | ||
| 040 |
_aEG-GiCUC _bfre _cEG-GiCUC _dEG-GiCUC _eRda |
||
| 082 | 0 | 4 |
_221 _a343.767 _bTR . T |
| 092 | 0 | 4 | _221 |
| 099 | _aLaw1 10 343.767 TR . T 1966 | ||
| 245 |
_aLe Traitement des Délinquants: Jeunes et Adultes/ _cTravaux du VIe Congrès Français de Criminologie. |
||
| 264 | 1 |
_aParis: _bLibrairie Dalloz, _c1966. |
|
| 300 |
_a460 page ; _c 24 cm. |
||
| 336 |
_2rda contenu _a texte |
||
| 337 |
_2rda medias _aOrdinateur |
||
| 338 |
_2 transporteur rda _a Ressource en ligne |
||
| 546 | _aTexte en français | ||
| 650 | 1 | _aDroit Pénal | |
| 650 | 1 | _aTraitement Punitif En Prison | |
| 856 | 4 | 0 | _uhttps://fll.law.cu.edu.eg/fulltext/bks/B10-11422.pdf |
| 905 | _a59 | ||
| 942 |
_2ddc _n0 _cBK _e21 |
||
| 999 |
_c73530 _d73530 |
||